000 00466nam a2200169 4500
003 SEACOMEC
005 20240405113752.0
008 240405b |||||||| |||| 00| 0 eng d
020 _cRs.355.00
040 _aSEACOMEC
082 _a621.3
_bT298
100 _aTheraja,B.L.
245 1 _a(A) textbook of electrical technology : basic electrical engineering
_cB.L. Theraja, A.K. Theraja
260 _aNew Delhi
_bS.Chanad
_c2006
650 _aElectrical,
942 _cBOOK
999 _c858
_d858